| 000 | 00671nam a2200205Ia 4500 | ||
|---|---|---|---|
| 003 | GCL | ||
| 008 | 140319s9999 xx 000 0 ara d | ||
| 040 |
_aGCL / _cGCL |
||
| 082 | 0 | 4 |
_a808.3 _bع ا |
| 100 | 1 | _aعبدالواحد محمد | |
| 245 | 1 | 0 |
_aالابداع فى الكتابة والرواية / _cعبدالواحد محمد |
| 700 | 1 | _aعبدالكريم الجبورى | |
| 250 | _aالاولى | ||
| 260 |
_aسوريا : _bدار الطليعة الجديدة ، _c2003 |
||
| 300 |
_a274 ص ؛ _c20 سم |
||
| 650 | 0 | 4 | _aالقصة |
| 650 | 0 | 4 | _aالابداع الادبى والفنى |
| 650 | 0 | 4 | _aالابداع فى القصة |
| 942 |
_2ddc _cBK |
||
| 999 |
_c7410 _d7410 |
||